Logo BPK

Biblioteka

Politechniki Koszalińskiej

Podatność benzenu i pirydyny na biochemiczny rozkład w procesie osadu czynnego / (Rekord nr 19080)

Szczegóły MARC
000 -ETYKIETA REKORDU
podpole kontrolne o stałej długości 00749nam a2200217 i 4500
001 - NUMER KONTROLNY REKORDU
pole kontrolne bg
040 ## - ŹRÓDŁO KATALOGOWANIA
Instytucja, która utworzyła rekord BPK
041 ## - KOD JĘZYKA
Kod języka tekstu pol
080 ## - UNIWERSALNA KLASYFIKACJA DZIESIĘTNA - UKD
UKD 628.3:661
008 - POLE O STAŁEJ DŁUGOŚCI - DANE KONTROLNE
podpole kontrolne o stałej długości s pl f |000 0 pol
100 1# - NAZWA OSOBOWA
Nazwa osobowa GOMÓŁKA, Bogusława
245 #0 - TYTUŁ/ODPOWIEDZIALNOŚĆ
Tytuł Podatność benzenu i pirydyny na biochemiczny rozkład w procesie osadu czynnego /
Pozostałe elementy strefy tytułu i oznaczenia odpowiedzialności Bogusława Gomółka.
260 ## - STREFA ADRESU WYDAWNICZEGO
Miejsce wydania Wrocław :
Nazwa wydawcy/dystrybutora Wydawn. Polt. Wrocł.,
Data publikacji, dystrybucji/powstania dokumentu 1979.
300 ## - STREFA OPISU FIZYCZNEGO
Objętość s. 128 :
Inne cechy fizyczne rys., tabl. [w tym] nlb. 2.
490 1# - STREFA SERII I DOKUMENTU WIELOCZĘŚCIOWEGO - FORMA NIE DO WYSZUKIWANIA
Tytuł i oznaczenie odpowiedzialności serii Prace Nauk. Inst. Inż. Ochr. Środ. Polit. Wrocł. ;
Numeracja w obrębie serii Nr 45
500 ## - UWAGI OGÓLNE
Tekst uwagi [Streszcz. w jęz. ang. i rs.].
504 ## - UWAGA DOTYCZĄCA BIBLIOGRAFII
Informacje o bibliografii [Zawiera bibliogr. s. 119-124].
830 ## - HASŁO DODATKOWE SERII LUB DOKUMENTU WIELOCZĘŚCIOWEGO - TYTUŁ UJEDNOLICONY
Tytuł ujednolicony Prace Nauk. Inst. Inż. Ochr. Środ. Polit. Wrocł. ;
856 ## - LOKALIZACJA I DOSTĘP DO ELEKTRONICZNYCH DOKUMENTÓW ZDALNYCH
Link (URL) http://koha.tu.koszalin.pl/cgi-bin/koha/opac-detail.pl?biblionumber=19080
Tekst linku Katalog online BPK
942 ## - DODATKOWE ELEMENTY (KOHA)
Typ dokumentu Książka
Egzemplarze
Wycofany Status egzemplarza Uszkodzony Dostępność Lokalizacja stała Lokalizacja bieżąca Miejsce przechowywania Sygnatura Kod kreskowy Typ dokumentu
      Dostępny Biblioteka Politechniki Koszalińskiej Biblioteka Politechniki Koszalińskiej Wypożyczalnia BG 26793 01374223 Książka
© 2023 Biblioteka Politechniki Koszalińskiej :: KOHA